Bewusstsein und Wesen
| Main Author: | |
|---|---|
| Contributors: | |
| Format: | Print Book |
| Language: | German |
| Subito Delivery Service: | Order now. |
| Check availability: | HBZ Gateway |
| WorldCat: | WorldCat |
| Interlibrary Loan: | Interlibrary Loan for the Fachinformationsdienste (Specialized Information Services in Germany) |
| Published: |
München
Iudicium
2006
|
| In: | Year: 2006 |
| Series/Journal: | Japan und sein Jahrhundert
|
| Standardized Subjects / Keyword chains: | B
Eastern philosophy
/ Essence
|
| Further subjects: | B
Zen
B Islam B Religious philosophy B Phänomenologie, Bewusstsein B Philosophie, Geistesgeschichte |
| Online Access: |
Inhaltstext (Publisher) |
MARC
| LEADER | 00000cam a2200000 c 4500 | ||
|---|---|---|---|
| 001 | 512964475 | ||
| 003 | DE-627 | ||
| 005 | 20251223211748.0 | ||
| 007 | tu | ||
| 008 | 060822s2006 gw ||||| 00| ||ger c | ||
| 015 | |a 06,A25,0085 |2 dnb | ||
| 016 | 7 | |a 979438551 |2 DE-101 | |
| 020 | |a 3891298854 |c kart. : EUR 19.00 |9 3-89129-885-4 | ||
| 020 | |a 9783891298855 |9 978-3-89129-885-5 | ||
| 020 | |a 9783891298855 |c : kart. : EUR 19.00 |9 978-3-89129-885-5 | ||
| 024 | 3 | |a 9783891298855 | |
| 035 | |a (DE-627)512964475 | ||
| 035 | |a (DE-576)256374724 | ||
| 035 | |a (DE-599)GBV512964475 | ||
| 035 | |a (OCoLC)605534945 | ||
| 035 | |a (OCoLC)162279219 | ||
| 035 | |a (OCoLC)605534945 | ||
| 035 | |a (AT-OBV)AC05629839 | ||
| 040 | |a DE-627 |b ger |c DE-627 |e rakwb | ||
| 041 | |a ger |h jpn | ||
| 044 | |c XA-DE-BY | ||
| 082 | 0 | |a 100 |q BSZ | |
| 082 | 0 | |a 200 |q BSZ | |
| 082 | 0 | 4 | |a 100 |a 200 |
| 084 | |a 6,25 |a 0 |2 ssgn | ||
| 084 | |a BE 5402 |q BVB |2 rvk |0 (DE-625)rvk/10592:218 | ||
| 084 | |a CI 8510 |q BVB |2 rvk |0 (DE-625)rvk/18611: | ||
| 084 | |a 08.10 |2 bkl | ||
| 090 | |a a | ||
| 100 | 1 | |6 880-02 |0 (DE-588)122068637 |0 (DE-627)081717369 |0 (DE-576)161551343 |4 aut |a Izutsu, Toshihiko |d 1914-1993 | |
| 109 | |a Izutsu, Toshihiko 1914-1993 |a Izutsu Toshihiko 1914-1993 |a Toshihiko Izutsu 1914-1993 |a Izutsu, Tushihiku 1914-1993 |a Izūtsū, Tūšı̄hı̄kū 1914-1993 |a Isuzu, Toshihiko 1914-1993 | ||
| 240 | 1 | 0 | |a Ishiki-to-honshitsu <dt.> |
| 245 | 1 | 0 | |a Bewusstsein und Wesen |c Izutsu Toshihiko. Aus dem Japan. übers. von Hans Peter Liederbach |
| 264 | 1 | |a München |b Iudicium |c 2006 | |
| 300 | |a 351 S. |c 21 cm | ||
| 336 | |a Text |b txt |2 rdacontent | ||
| 337 | |a ohne Hilfsmittel zu benutzen |b n |2 rdamedia | ||
| 338 | |a Band |b nc |2 rdacarrier | ||
| 490 | 0 | |a Japan und sein Jahrhundert | |
| 583 | 1 | |a Archivierung prüfen |c 20200919 |f DE-640 |z 3 |2 pdager | |
| 583 | 1 | |a Archivierung prüfen |c 20240324 |f DE-4165 |z 1 |2 pdager | |
| 601 | |a Bewusstsein | ||
| 650 | 4 | |a Philosophie, Geistesgeschichte | |
| 650 | 4 | |a Religionsphilosophie | |
| 650 | 4 | |a Phänomenologie, Bewusstsein | |
| 650 | 4 | |a Islam | |
| 650 | 4 | |a Zen | |
| 689 | 0 | 0 | |d s |0 (DE-588)4125271-8 |0 (DE-627)105741469 |0 (DE-576)209575182 |2 gnd |a Östliche Philosophie |
| 689 | 0 | 1 | |d s |0 (DE-588)4189724-9 |0 (DE-627)105255025 |0 (DE-576)210061774 |2 gnd |a Wesen |
| 689 | 0 | |5 DE-101 | |
| 700 | 1 | |e Übers. |0 (DE-588)1124954481 |0 (DE-627)879278498 |0 (DE-576)183730798 |4 oth |a Liederbach, Hans Peter |d 1965- | |
| 700 | 1 | 2 | |a Izutsu, Toshihiko |d 1914-1993 |t Ishiki-to-honshitsu <dt.> |
| 700 | 1 | 2 | |6 880-01 |a Izutsu, Toshihiko |d 1914-1993 |t Ishiki to honshitsu <dt.> |
| 856 | 4 | 2 | |u http://deposit.dnb.de/cgi-bin/dokserv?id=2797701&prov=M&dok_var=1&dok_ext=htm |m X: MVB |q text/html |v 20130501 |x Verlag |3 Inhaltstext |7 1 |
| 880 | 1 | |6 100-02/Jpan |a 井筒, 俊彦 |d 1914-1993 |0 (DE-588)122068637 |0 (DE-627)081717369 |0 (DE-576)161551343 |4 aut | |
| 880 | 1 | 0 | |6 240-01/Jpan |a 意識と本質 <dt.> |
| 880 | 1 | 2 | |6 700-01/Jpan |a Izutsu, Toshihiko |d 1914-1993 |t 意識と本質 <dt.> |
| 935 | |a mteo | ||
| 935 | |i sf | ||
| 935 | |i Blocktest | ||
| 936 | r | v | |a BE 5402 |b Einzelprobleme |k Theologie und Religionswissenschaften |k Religionswissenschaft |k Religionsgeschichte |k Religionen einzelner Ethnien und ethnischer Gruppen |k Asien |k Einzelprobleme |0 (DE-627)1272328449 |0 (DE-625)rvk/10592:218 |0 (DE-576)202328449 |
| 936 | r | v | |a CI 8510 |b Abhandlungen |k Philosophie |k Geschichte der Philosophie |k Geschichte der Philosophie außerhalb der abendländischen Tradition |k Geschichte der Philosophie Asiens |k Abhandlungen |0 (DE-627)1270650106 |0 (DE-625)rvk/18611: |0 (DE-576)200650106 |
| 936 | b | k | |a 08.10 |j Nichtwestliche Philosophie: Allgemeines |0 (DE-627)106415247 |
| 951 | |a BO | ||
| ELC | |b 1 | ||
| ORI | |a SA-MARC-ixtheo_oa001.raw | ||
| REL | |a 1 | ||
| STA | 0 | 0 | |a Eastern philosophy,Essence,Islam,Islam,Religious philosophy,Philosophy of religion,Religion |
| STB | 0 | 0 | |a Essence,Nature,Nature,Islam,Islam,Philosophie des religions,Philosophie orientale |
| STC | 0 | 0 | |a Esencia,Naturaleza,Naturaleza,Filosofía de religión,Filosofía oriental,Islam,Islam |
| STD | 0 | 0 | |a Essenza,Filosofia della religione,Filosofia orientale,Islam,Islam |
| STE | 0 | 0 | |a 伊斯兰教,伊斯兰教,回教,回教,宗教哲学 |
| STF | 0 | 0 | |a 伊斯蘭教,伊斯蘭教,回教,回教,宗教哲學,東方哲學 |
| STG | 0 | 0 | |a Essência,Natureza,Natureza,Filosofia da religião,Filosofia oriental,Islã,Islã |
| STH | 0 | 0 | |a Восточная философия,Ислам (мотив),Ислам,Сущность,Натура,Философия религии |
| STI | 0 | 0 | |a Ύπαρξη,Ανατολική φιλοσοφία,Ισλάμ (μοτίβο),Ισλάμ,Φιλοσοφία της θρησκείας |
| SUB | |a REL | ||
| SYE | 0 | 0 | |a Islam |
| SYG | 0 | 0 | |a Östliches Denken,Östliche Weisheit |



